00417nam a22001577a 450000500170000001000160001702000260003303500130005903700090007208200110008110000190009224500510011126000330016227000430019530000210023820250409145851.0 aENG-110979  a9788184301915c300.00 aEN-94511 bDBAD a808.51 aCarnegie, Dale aThe art of public speaking /cby Dale Carnegie aNew DelhibOcean Booksc2013 a4/19, Asaf Ali RoadbNew Delhie110002 a238p. c22cm(Hb)